000 00357nam a2200133Ia 4500
008 210210b1964 xxu||||| |||| 00| 0 eng d
082 _a304.6 FREP
100 _aFREEDMAN (Ronald).
245 _aPopulation: the vital revolution.
260 _aNew York.
_bAnchor Books Doubleday & Co Inc
_c1964
300 _avi,274
690 _aPopulation
906 _a040964
999 _c90750
_d90750